Zwischen Kulturen und Kontinenten 175 jahre forschung am Deutschen Archaologischen Institut
Main Author:
Format: Book
Language: Undetermined
Published:
Berlin
Deutsches Archaologisches Institut
2004
Subjects:
Tags: Add Tag
Call Number: (L) CC27 .D48
| LEADER | 00744nam a2200181Ia 4500 | ||
|---|---|---|---|
| 008 | 221124s9999||||xx |||||||||||||| ||und|| | ||
| 020 | |a 3000148809 | ||
| 050 | 4 | |a (L) CC27 .D48 | |
| 100 | 1 | |a Deutsches Archaologisches Institut | |
| 245 | 1 | 0 | |a Zwischen Kulturen und Kontinenten |b 175 jahre forschung am Deutschen Archaologischen Institut |
| 264 | 1 | |a Berlin |b Deutsches Archaologisches Institut |c 2004 | |
| 300 | |a 165.p |b chiefly col. |c 22*26 cm | ||
| 504 | |a Exhibition catalog | ||
| 650 | 4 | |a Archaeology and state--germany -- history | |
| 650 | 4 | |a Archaeology-- study and teaching -- germany | |
| 942 | |2 lcc |c BK | ||
| 952 | |0 0 |1 0 |2 lcc |4 0 |7 1 |9 44016 |a ARCE |b ARCE |d 2022-11-24 |l 0 |o (L) CC27 .D48 |p 1020785 |r 2022-11-24 00:00:00 |w 2022-11-24 |y BK | ||
| 999 | |c 50473 |d 50473 | ||
